000 02759nam a2200325 a 4500
003 CHAP
005 20250203145556.0
007 ta
008 241204u2013 vtuabd|fr|||| 001 0 eng d
020 _a978-1603584449
040 _aZ
_cCHAP
_erda
041 0 _bInglés
_fInglés
082 0 0 _a631.58
_bF35 2013
_220
100 1 _aFalk, Ben
_9189799
_eautor
245 1 4 _aThe resilient farm and homestead :
_ban innovative permaculture and whole systems design approach /
_cBen Falk
264 1 _aWhite River Junction, Vermont :
_bChelsea Green Publishing,
_c©2031
300 _a04 páginas :
_bilustraciones, mapas, graficas, tablas
336 _2rdacontent
_atexto
_btxt
337 _2rdamedia
_asin medio
_bn
338 _2rdacarrier
_avolumen
_bnc
500 _aej.1: Consumo
505 _aChapter one: Creating a positive legacy while adaptating to rapid change -- Chapter two: The design process and site establishment -- Chapter three: Water and earthworks -- Chapter four: Fertility harvesting and cycling -- Chapter five: food crops -- Chapter six: adaptative fuel and shelter -- Chapter seven: Resilience and regeneration for the long haul -- Acknowledgments -- Appendix A: Assessing resiliency aptitude quiz -- Appendix B: A resilient home curriculum outline -- Appendix C: Crucial skill list for emergencies -- Appendix D: Tools and materials -- Appendix E: Homestead vulnerability checklist and strategy summary to reduce vulnerability in acute events -- Appendix F: Vocabulary and concepts -- Appendix G: Resources -- Index.
520 _aThe Resilient Farm and Homestead is a manual for developing durable, beautiful, and highly functional human habitat systems fit to handle an age of rapid transition. The book covers nearly every strategy Falk and his team have been testing at the Whole Systems Research Farm over the past decade, as well as experiments from other sites Falk has designed through his off-farm consulting business. The book includes detailed information on earthworks; gravity-fed water systems; species composition; the site-design process; site management; fuelwood hedge production and processing; human health and nutrient-dense production strategies; rapid topsoil formation and remineralization; agroforestry/silvopasture/grazing; ecosystem services, especially regarding flood mitigation; fertility management; human labor and social-systems aspects; tools/equipment/appropriate technology; and much more, complete with gorgeous photography and detailed design drawings.
534 _pTítulo original:
650 1 3 _aPermacultura
_9190047
650 1 3 _aEcología agrícola
_935165
650 1 3 _aAgricultura sustentable
_92011
650 1 0 _aBuenas prácticas agrícolas
_9157561
942 _2ddc
_cLIBRO
999 _c220299
_d220299